Statistics for Golden State Warriors: Top 10 All-Time Leaders

Click here to take the quiz!

General Stats

  • This quiz has been taken 967 times
    (35 since last reset)
  • The average score is 50 of 100

Answer Stats

Category#PlayerAmount% Correct
Rebounds7Draymond Green5,568
97%
Triple-Doubles1Draymond Green32
97%
Games3Draymond Green799
97%
Three Pointers Made4Draymond Green652
97%
Blocks3Draymond Green808
97%
Steals3Draymond Green1,062
97%
Points6Klay Thompson15,239
97%
Three Pointers Made2Klay Thompson2,423
97%
Points1Stephen Curry23,333
97%
Triple-DoublesT4Stephen Curry10
97%
Games1Stephen Curry942
97%
Points Per Game4Stephen Curry24.8
97%
Steals1Stephen Curry1,467
97%
Assists1Stephen Curry6,036
97%
Rebounds10Stephen Curry4,442
97%
Three Pointers Made1Stephen Curry3,683
97%
Assists3Draymond Green4,482
94%
Triple-Doubles6Wilt Chamberlain8
94%
Games4Klay Thompson779
91%
Steals9Klay Thompson663
91%
Points2Wilt Chamberlain17,783
91%
Points Per Game1Wilt Chamberlain41.5
91%
Rebounds2Wilt Chamberlain10,768
91%
Games9Rick Barry642
79%
Steals4Rick Barry929
79%
Points Per Game3Rick Barry25.6
79%
Rebounds8Rick Barry4,655
79%
Triple-Doubles7Rick Barry6
79%
Assists5Rick Barry3,247
79%
Points3Rick Barry16,447
79%
Points5Chris Mullin16,235
74%
Assists6Chris Mullin3,146
74%
Steals2Chris Mullin1,360
74%
Blocks9Chris Mullin488
74%
Three Pointers Made7Chris Mullin590
74%
Games2Chris Mullin807
74%
Triple-DoublesT8Chris Mullin5
74%
Points Per Game2Kevin Durant25.8
71%
Triple-DoublesT8Kevin Durant5
71%
Points Per Game6Paul Arizin22.8
65%
Games7Paul Arizin713
65%
Points4Paul Arizin16,266
65%
Rebounds5Paul Arizin6,129
65%
Steals5Tim Hardaway821
65%
Assists4Tim Hardaway3,926
65%
Three Pointers Made5Tim Hardaway602
65%
Games5Nate Thurmond757
56%
Rebounds1Nate Thurmond12,771
56%
Points7Nate Thurmond13,191
56%
Assists10Nate Thurmond2,070
56%
Three Pointers Made9Andrew Wiggins472
53%
Field Goal Percent2Kevon Looney58.3%
53%
Field Goal Percent4Andrew Bogut57.9%
44%
Rebounds4Clyde Lee6,416
44%
Three Pointers Made3Jason Richardson700
44%
Three Pointers Made10Baron Davis434
41%
Triple-DoublesT8Baron Davis5
41%
Steals8Monta Ellis694
41%
Three Pointers Made6Jordan Poole596
38%
Blocks8George Johnson507
32%
Rebounds3Larry Smith6,440
32%
Field Goal Percent7Larry Smith53.9%
32%
Three Pointers Made8Latrell Sprewell551
32%
Steals7Latrell Sprewell696
32%
Points Per Game7Mitch Richmond22.7
26%
Field Goal Percent6Chris Webber55.0%
24%
Blocks4Erick Dampier728
18%
Assists7Jeff Mullins2,913
18%
Games6Jeff Mullins716
18%
Points8Jeff Mullins12,547
18%
Rebounds6Neil Johnston5,856
18%
Points10Neil Johnston10,023
18%
Games10Adonal Foyle641
15%
Blocks1Adonal Foyle1,140
15%
Field Goal Percent5Bernard King57.7%
15%
Points Per Game8Bernard King22.5
15%
Blocks2Joe Barry Carroll836
15%
Points Per Game10Joe Barry Carroll20.4
15%
Blocks7Robert Parish549
15%
Blocks6Andris Biedrins580
12%
Field Goal Percent1Andris Biedrins59.4%
12%
Points9Purvis Short11,894
12%
Steals6Purvis Short710
12%
Triple-Doubles3Guy Rodgers17
9%
Assists2Guy Rodgers4,855
9%
Blocks5Manute Bol592
9%
Assists8Sleepy Floyd2,518
9%
Assists9Al Attles2,483
6%
Games8Al Attles711
6%
Field Goal Percent8Clifford Ray53.7%
6%
Blocks10Clifford Ray465
6%
Points Per Game9Rudy LaRusso21.3
6%
Points Per Game5World B. Free23.4
6%
Field Goal Percent3Chris Gatling58.1%
3%
Rebounds9Joe Graboski4,503
3%
Triple-Doubles2Tom Gola20
3%
Triple-DoublesT4Andy Phillip10
0%
Field Goal Percent10Jonathan Kuminga52.4%
0%
Field Goal Percent9Sarunas Marciulionis52.8%
0%
Steals10Sonny Paker611
0%

Score Distribution

Percentile by Number Answered

Percent of People with Each Score

Your Score History

You have not taken this quiz since the last reset